Guess the Artist from an incredibly niche song - Statistics

General Stats
  • This quiz has been taken 21 times
  • The average score is 2 of 15
Answer Stats
Song Title Release Date Artist % Correct
hostage 2017 Billie Eilish
42%
Tulsa Jesus Freak 2021 Lana del Rey
42%
'39 1975 Queen
32%
Serve the Servants 1993 Nirvana
26%
Lush Life 2014 Lady Gaga
16%
Modern Girls & Old Fashion Men 2004 The Strokes
16%
Emily 2006/2016 My Chemical Romance
11%
Pas de Cheval 2008 Panic! At the Disco
11%
White Flag 2015 Sabrina Carpenter
11%
Forget About What I Said 2008 The Killers
11%
Joining the Dots 2010 Arctic Monkeys
5%
Bad For You 2017 Chappell Roan
5%
ink 2014 Coldplay
5%
Fade Together 2005 Franz Ferdinand
5%
Love the Haters 2016 Oliva Rodrigo
5%
No matching quizzes found
Score Distribution
Percent of People with Each Score
Percentile by Number Answered
Your Score History
You have not taken this quiz